Trabajo social con deficientes mentales / (Record no. 135262)

MARC details
000 -LEADER
campo de control de longitud fija 00701nam a2200217 i 4500
001 - NÚMERO DE CONTROL
campo de control 135262
003 - IDENTIFICADOR DE NÚMERO DE CONTROL
campo de control ES-MaACL
005 - FECHA Y HORA DE LA ÚLTIMA TRANSACCIÓN
campo de control 20230906194837.0
007 - CAMPO FIJO DE DESCRIPCIÓN FÍSICA--INFORMACIÓN GENERAL
campo de control de longitud fija t|
008 - DATOS DE LONGITUD FIJA--INFORMACIÓN GENERAL
campo de control de longitud fija 070713s1968 sp ||||1| spa d
080 ## - NÚMERO DE LA CLASIFICACIÓN DECIMAL UNIVERSAL
Número de la Clasificación Decimal Universal 362.3
080 ## - NÚMERO DE LA CLASIFICACIÓN DECIMAL UNIVERSAL
Número de la Clasificación Decimal Universal 371.92
100 1# - ENTRADA PRINCIPAL--NOMBRE DE PERSONA
Nombre de persona Todd, F. Joan.
9 (RLIN) 110400
245 10 - MENCIÓN DEL TÍTULO
Título Trabajo social con deficientes mentales /
Mención de responsabilidad, etc. Joan F. Todd ; [traducción por Andrés Delgado Amor].
260 ## - PUBLICACIÓN, DISTRIBUCIÓN, ETC.
Lugar de publicación, distribución, etc. [Madrid :
Nombre del editor, distribuidor, etc. Euroamérica,
Fecha de publicación, distribución, etc. 1968]
300 ## - DESCRIPCIÓN FÍSICA
Extensión 167 p. ;
Dimensiones 18 cm.
650 14 - PUNTO DE ACCESO ADICIONAL DE MATERIA--TÉRMINO DE MATERIA
Término de materia o nombre geográfico como elemento de entrada Disminuidos mentales-
Subdivisión general Protección, asistencia, etc.
9 (RLIN) 11949
650 14 - PUNTO DE ACCESO ADICIONAL DE MATERIA--TÉRMINO DE MATERIA
Término de materia o nombre geográfico como elemento de entrada Disminuidos mentales-
Subdivisión general Educación.
9 (RLIN) 11947
700 1# - ENTRADA AGREGADA--NOMBRE PERSONAL
Nombre de persona Delgado Amor, Andrés.
9 (RLIN) 43438
852 ## - LOCALIZACIÓN
Ubicación ES-MaACL
Número de control de estantería C-36208
Sublocalización o colección R.68540
Holdings
Estatus retirado Estado de pérdida Estado de daño No para préstamo Biblioteca de origen Biblioteca actual Ubicación en estantería Fecha de adquisición Fuente de adquisición Total de préstamos Signatura topográfica completa Código de barras Visto por última vez Precio de reemplazo Tipo de ítem Koha
        Biblioteca del Ateneo de Madrid Biblioteca del Ateneo de Madrid Depósito 2 17/01/2008     C-36208 1140784 23/02/2023 23/02/2023 Libro impreso